Pitchfork Album of the Year Winners - Statistics

General Stats
  • This quiz has been taken 33 times
  • The average score is 15 of 28
Answer Stats
Year Artist Answer % Correct
2000 Radiohead Kid A
93%
2015 Kendrick Lamar To Pimp a Butterfly
93%
2012 Kendrick Lamar Good Kid, M.A.A.D. City
90%
2017 Kendrick Lamar Damn
87%
2005 Sufjan Stevens Illinois
87%
2010 Kanye West My Beautiful Dark Twisted Fantasy
83%
2019 Lana Del Rey Norman Fucking Rockwell!
80%
1998 (retrospective) Outkast Aquemini
77%
2022 Beyoncé Renaissance
70%
2020 Fiona Apple Fetch the Bolt Cutters
63%
2004 Arcade Fire Funeral
63%
2014 Run the Jewels Run the Jewels 2
63%
2002 Interpol Turn on the Bright Lights
63%
2023 SZA SOS
60%
2008 Fleet Foxes Sun Giant/Fleet Foxes
60%
2013 Vampire Weekend Modern Vampires of the City
53%
2001 The Microphones The Glow Pt. 2
50%
2016 Solange A Seat at the Table
40%
2011 Bon Iver Bon Iver, Bon Iver
40%
2018 Mitski Be the Cowboy
37%
2009 Animal Collective Merriweather Post Pavilion
37%
1999 The Dismemberment Plan Emergency & I
27%
2021 Jazmine Sullivan Heaux Tales
23%
2007 Panda Bear Person Pitch
17%
2024 Cindy Lee Diamond Jubilee
13%
2006 The Knife Silent Shout
13%
2003 The Rapture Echoes
7%
1998 (original) Sunny Day Real Estate How It Feels to Be Something On
7%
No matching quizzes found
Score Distribution
Percent of People with Each Score
Percentile by Number Answered
Your Score History
You have not taken this quiz